00382nam a2200145Ia 4500008004100000020001500041041001200056082001600068100001800084245007600102260002500178300000800203650000700211700001800218221030s9999 xx 000 0 und d a0074637657 aEnglish a105.23bKot aD. P. Kothari 0aTheory & Problems Of Electric Machinescby D. P. Kothari, I. J. Nagrath bTMHaNew Delhic2002 a396 aEE aI. J. Nagrath